Quick quiz - Statistiques

Statistiques générales
  • Ce quiz a été pris 44 fois
  • Le résultat moyen est 3 sur 8
Statistiques - réponses
Hint Réponse % Correct
Je commence la nuit et je termine le matin. Qui suis-je ? n
97%
Je transforme une plante en une planète. Qui suis-je ? è
87%
Quel est le centre de gravité ? v
82%
Quand je suis frais, je suis chaud. Qui suis-je ? Le pain
31%
Quel est le chiffre préféré des vampires ? Le 109
18%
C'est quoi le sport qui donne le plus soif ? Le judo
8%
C'est qui l'acteur qui donne le plus soif ? Jude Law
5%
Je ne respire jamais mais j'ai beaucoup de souffle. Qui suis-je ? Un sèche-cheveux
5%
Aucun quiz correspondant
Distribution des résultats
% des personnes avec chaque résultat
Percentile par nombre de réponses
Votre historique - résultats
Vous n’avez pas pris ce quiz